000 00661nam a22002177a 4500
003 UA-OsUOA
001 46005
007 ta
008 20070523b un ||||| |||| 00| 0 ukr d
100 _aАристов А.
090 _a32
_bА-11
942 _cSA
040 _aUA-OsUOA
_brus
_cUA-OsUOA
_dUA-OsUOA
245 _aРегулирование этнополитических конфликтов на територии России методами информационной политики
300 _aС.43-47
955 _a0
041 _arus
080 _a32
773 0 _w46001
_tВласть
_dМ.
_d2007
_g3
650 7 _a32 Політика
_2UDC
999 _c332103
_d332103